000 00431nmm a2200157Ia 4500
008 251105s9999||||xx |||||||||||||||||und||
041 _aspa
100 _aDíaz, Rafael-José
245 0 _aEl canto en el umbral
264 _a[Madrid, España] :
_bCalambur,
_c1996
300 _a81 páginas
490 _aCalambur Poesía
650 _aSpanish poetry
856 _uhttps://public.digitaliapublishing.com/a/110322
942 _cCF
999 _c98664
_d98664